[Event "Campeonato Individual Absoluto de Madrid"]
[Site "Madrid ESP"]
[Date "2025.05.05"]
[Round "1.21"]
[White "Lozano Argueso, Cesar"]
[Black "Veiga Macias, Rodrigo"]
[Result "1-0"]
[WhiteElo "1995"]
[BlackElo "1822"]
[PlyCount "131"]
[GameId "2174257523065120"]
[EventDate "2025.05.05"]
[EventType "swiss"]
[EventRounds "7"]
[SourceTitle "Ajedrez en Madrid"]
[Source "lmi"]
[SourceDate "2025.05.05"]
[SourceVersion "1"]
[SourceVersionDate "2025.05.14"]
[SourceQuality "1"]

1. Nf3 d5 2. g3 Nf6 3. Bg2 c5 4. c4 e6 5. cxd5 exd5 6. d4 Nc6 7. O-O Be7 8. Nc3 O-O 9. Bf4 Ne4 10. Rc1 Nxc3 11. Rxc3 cxd4 12. Nxd4 Nxd4 13. Qxd4 Bf6 14. Be5 Bxe5 15. Qxe5 Be6 16. Rc7 Re8 17. Qf4 Re7 18. Rfc1 Rxc7 19. Rxc7 b6 20. h4 Qf6 21. Rxa7 Qd8 22. Rxa8 Qxa8 23. a3 h6 24. Bf3 Qc6 25. Kg2 Kh7 26. Qd4 g6 27. e4 dxe4 28. Bxe4 Qc7 29. h5 Qc4 30. Qxc4 Bxc4 31. a4 Bb3 32. hxg6+ fxg6 33. Bc6 Kg7 34. Kf3 Kf6 35. Ke4 Ke6 36. f4 Kd6 37. Be8 Ke7 38. Bc6 Kd6 39. Be8 Ke7 40. Bb5 Kd6 41. Kd4 Bc2 42. b4 g5 43. fxg5 hxg5 44. a5 bxa5 45. bxa5 Kc7 46. Kc5 Kb7 47. Be2 Bf5 48. Kd6 g4 49. Ke5 Bd7 50. Kf4 Ka7 51. Bxg4 Bb5 52. Bc8 Kb8 53. Be6 Ka7 54. g4 Ka6 55. g5 Be8 56. Ke5 Kxa5 57. Kf6 Bb5 58. g6 Bd3 59. g7 Bh7 60. Kg5 Kb6 61. Kh6 Be4 62. g8=Q Ka7 63. Qd8 Bb7 64. Bc8 Bf3 65. Qd4+ Kb8 66. Qe5+ 1-0

[Event "Campeonato Individual Absoluto de Madrid"]
[Site "Madrid ESP"]
[Date "2025.05.05"]
[Round "1.22"]
[White "Fernandez Kalinov, Rodrigo"]
[Black "Blazquez Sanz, Oscar"]
[Result "0-1"]
[WhiteElo "1816"]
[BlackElo "1993"]
[PlyCount "102"]
[GameId "2174261195305280"]
[EventDate "2025.05.05"]
[EventType "swiss"]
[EventRounds "7"]
[SourceTitle "Ajedrez en Madrid"]
[Source "lmi"]
[SourceDate "2025.05.05"]
[SourceVersion "1"]
[SourceVersionDate "2025.05.14"]
[SourceQuality "1"]

1. e4 e6 2. Nf3 d5 3. Nc3 d4 4. Ne2 c5 5. b4 Nc6 6. b5 Nce7 7. Ng3 Ng6 8. Bc4 h5 9. d3 h4 10. Ne2 Bd6 11. a4 Qc7 12. c3 dxc3 13. Nxc3 Nf6 14. Rb1 b6 15. Ne2 Nh5 16. Qb3 Qe7 17. Qc3 f6 18. g3 Ne5 19. Nxe5 Bxe5 20. Qb3 g5 21. Be3 Ng7 22. Kd2 Bb7 23. Rhg1 hxg3 24. hxg3 O-O-O 25. Kc2 g4 26. Bf4 Rh2 27. Rgf1 Qd6 28. Qc3 Bxc3 29. Bxd6 Be5 30. Bxe5 fxe5 31. Rbe1 Rf8 32. Kd2 Kd7 33. Ke3 Rf3+ 34. Kd2 Nh5 35. Rh1 Rfxf2 36. Rxh2 Rxh2 37. Ke3 Rg2 38. Ra1 Nxg3 39. Nxg3 Rxg3+ 40. Ke2 Bc8 41. Rh1 Kd6 42. Rh8 Bd7 43. Kf2 Rf3+ 44. Ke2 Rf4 45. Rh7 Rf6 46. Rg7 Rf4 47. Bb3 Be8 48. Bd1 g3 49. Bb3 Bh5+ 50. Ke1 Bg4 51. Bd1 g2 0-1

[Event "Campeonato Individual Absoluto de Madrid"]
[Site "Madrid ESP"]
[Date "2025.05.05"]
[Round "1.23"]
[White "Palomo Monserrat, Lorenzo"]
[Black "Arce Balluerca, Oscar"]
[Result "1/2-1/2"]
[WhiteElo "1993"]
[BlackElo "1814"]
[PlyCount "94"]
[GameId "2174262859141455"]
[EventDate "2025.05.05"]
[EventType "swiss"]
[EventRounds "7"]
[SourceTitle "Ajedrez en Madrid"]
[Source "lmi"]
[SourceDate "2025.05.05"]
[SourceVersion "1"]
[SourceVersionDate "2025.05.14"]
[SourceQuality "1"]

1. d4 Nf6 2. c4 c5 3. d5 e6 4. Nc3 exd5 5. cxd5 d6 6. e4 g6 7. h3 Bg7 8. Nf3 O-O 9. Be3 Re8 10. Nd2 a6 11. a4 Nbd7 12. Be2 Rb8 13. O-O Qc7 14. g4 h6 15. Kg2 g5 16. h4 Ne5 17. f3 gxh4 18. Rh1 c4 19. Rxh4 Qe7 20. Qh1 Ng6 21. Rh2 b5 22. axb5 axb5 23. Ra7 Qe5 24. Kf1 Nf4 25. Bxc4 b4 26. Nd1 Bxg4 27. fxg4 Nxg4 28. Rh4 Nxe3+ 29. Nxe3 Ng6 30. Nf3 Qxb2 31. Ra2 Qc3 32. Ke2 Nxh4 33. Qxh4 b3 34. Ra7 b2 35. Qh5 Qf6 36. Ng4 Qg6 37. Qxg6 fxg6 38. Bd3 b1=Q 39. Bxb1 Rxb1 40. Nd2 h5 41. Nxb1 hxg4 42. Nd2 Bh6 43. Rd7 Bxd2 44. Rxd6 Rxe4+ 45. Kd3 Re5 46. Rxg6+ Kf7 47. Rxg4 Rxd5+ 1/2-1/2

[Event "Campeonato Individual Absoluto de Madrid"]
[Site "Madrid ESP"]
[Date "2025.05.05"]
[Round "1.24"]
[White "Quiroga Andres, Carlos"]
[Black "Lopez de Turiso Sanchez, Jose An"]
[Result "1/2-1/2"]
[WhiteElo "1779"]
[BlackElo "1989"]
[PlyCount "63"]
[GameId "2174244960846283"]
[EventDate "2025.05.05"]
[EventType "swiss"]
[EventRounds "7"]
[SourceTitle "Ajedrez en Madrid"]
[Source "lmi"]
[SourceDate "2025.05.05"]
[SourceVersion "1"]
[SourceVersionDate "2025.05.14"]
[SourceQuality "1"]

1. d4 Nf6 2. c4 g6 3. Nc3 Bg7 4. e4 d6 5. h3 Nbd7 6. Be3 e5 7. Nf3 O-O 8. d5 a5 9. Qd2 Nc5 10. Bd3 Qe7 11. Bc2 Rd8 12. O-O-O Qf8 13. g4 b6 14. Kb1 a4 15. Bxc5 bxc5 16. Bxa4 Nxe4 17. Nxe4 Rxa4 18. Qc2 Bd7 19. Ne1 Rda8 20. a3 Qb8 21. Kc1 f5 22. gxf5 gxf5 23. Nd2 Bh6 24. Rg1+ Kh8 25. Nef3 Qd8 26. Qc3 Qf6 27. h4 Be8 28. Ng5 Bg6 29. Rde1 Rf8 30. Ne6 Rf7 31. Ng5 Re7 32. f4 1/2-1/2

[Event "Campeonato Individual Absoluto de Madrid"]
[Site "Madrid ESP"]
[Date "2025.05.06"]
[Round "2.1"]
[White "Grabuzova, Tatiana"]
[Black "Suarez Uriel, Adrian"]
[Result "0-1"]
[WhiteElo "2199"]
[BlackElo "2398"]
[PlyCount "154"]
[GameId "2174627831816245"]
[EventDate "2025.05.05"]
[EventType "swiss"]
[EventRounds "7"]
[SourceTitle "Ajedrez en Madrid"]
[Source "lmi"]
[SourceDate "2025.05.05"]
[SourceVersion "1"]
[SourceVersionDate "2025.05.14"]
[SourceQuality "1"]

1. d4 Nf6 2. c4 e6 3. Nc3 c5 4. d5 g6 5. e4 d6 6. Bd3 Bg7 7. h3 O-O 8. Nf3 exd5 9. exd5 Re8+ 10. Be3 b5 11. Nxb5 Ne4 12. O-O Bxb2 13. Bxe4 Bxa1 14. Qxa1 Rxe4 15. Bg5 f6 16. Bxf6 Qf8 17. Bh8 Re7 18. Nxd6 Bxh3 19. Re1 Rxe1+ 20. Nxe1 Bf5 21. Nxf5 gxf5 22. Bb2 Nd7 23. Qc1 h6 24. Nd3 Kh7 25. Nf4 Qf7 26. Qc3 Rg8 27. Kf1 Qe7 28. g3 Qe4 29. Ne6 Qb1+ 30. Kg2 Qe4+ 31. Kf1 Kg6 32. f3 Qb1+ 33. Kg2 Kh7 34. Nxc5 f4 35. Ne4 Qd1 36. g4 Qe2+ 37. Nf2 h5 38. Qd3+ Qxd3 39. Nxd3 Rc8 40. Nxf4 Rxc4 41. Nd3 hxg4 42. fxg4 Rxg4+ 43. Kf3 Ra4 44. a3 Kg6 45. Ne5+ Nxe5+ 46. Bxe5 Kf5 47. Bb2 Ra5 48. Ke3 Rxd5 49. Bd4 Ra5 50. Bb2 Ra4 51. Kd3 Ke6 52. Kc3 Kd5 53. Kb3 Rh4 54. Bc3 Rh7 55. Bb4 Kc6 56. Ka4 Kb6 57. Ba5+ Ka6 58. Bb4 Rh4 59. Kb3 Kb5 60. Be7 Rh3+ 61. Kb2 Kc4 62. Bb4 Rh2+ 63. Kb1 Rh5 64. Kc2 a5 65. Be7 Rh2+ 66. Kb1 Kb3 67. Kc1 Rc2+ 68. Kd1 Rc7 69. Bf8 Rc8 70. Be7 Re8 71. Bc5 Kc4 72. Bb6 Kb5 73. Bf2 Re4 74. Be1 Re3 75. Bd2 Rxa3 76. Kc2 Rh3 77. Bc3 a4 0-1

[Event "Campeonato Individual Absoluto de Madrid"]
[Site "Madrid ESP"]
[Date "2025.05.06"]
[Round "2.2"]
[White "Lianes Garcia, Marcos"]
[Black "Portero Rubio, Martin"]
[Result "1-0"]
[WhiteElo "2383"]
[BlackElo "2079"]
[PlyCount "97"]
[GameId "2174633803886945"]
[EventDate "2025.05.05"]
[EventType "swiss"]
[EventRounds "7"]
[SourceTitle "Ajedrez en Madrid"]
[Source "lmi"]
[SourceDate "2025.05.05"]
[SourceVersion "1"]
[SourceVersionDate "2025.05.14"]
[SourceQuality "1"]

1. e4 c5 2. Nc3 a6 3. Nge2 Nf6 4. g3 b5 5. Bg2 e5 6. O-O Be7 7. d3 d6 8. h3 O-O 9. f4 b4 10. Nb1 a5 11. Nd2 Ba6 12. Nc4 Nbd7 13. Ne3 Re8 14. g4 exf4 15. Nxf4 Ne5 16. g5 Nfd7 17. h4 Ng6 18. Nf5 Nxf4 19. Bxf4 Ne5 20. Qe1 Bf8 21. Qg3 g6 22. Ne3 Bb7 23. Rae1 Bg7 24. h5 a4 25. b3 axb3 26. axb3 Ra2 27. Rf2 Qe7 28. Ref1 Rea8 29. Kh2 Ra1 30. Rxa1 Rxa1 31. Bh3 Ra8 32. hxg6 hxg6 33. Qh4 Rd8 34. Bg2 Rf8 35. Kg1 Ra8 36. Bg3 Rf8 37. Bxe5 dxe5 38. Ng4 Ra8 39. Nf6+ Kf8 40. Qh7 Ra1+ 41. Kh2 Qe6 42. Qg8+ Ke7 43. Qe8+ Kd6 44. Qd8+ Kc6 45. Nd5 Bc8 46. Qb6+ Kd7 47. Rxf7+ Qxf7 48. Qc7+ Ke6 49. Qc6# 1-0

[Event "Campeonato Individual Absoluto de Madrid"]
[Site "Madrid ESP"]
[Date "2025.05.06"]
[Round "2.3"]
[White "Lopez Del Alamo, Antonio"]
[Black "Moreno Ruiz, Javier"]
[Result "1/2-1/2"]
[WhiteElo "2145"]
[BlackElo "2379"]
[PlyCount "56"]
[GameId "2174605459759274"]
[EventDate "2025.05.05"]
[EventType "swiss"]
[EventRounds "7"]
[SourceTitle "Ajedrez en Madrid"]
[Source "lmi"]
[SourceDate "2025.05.05"]
[SourceVersion "1"]
[SourceVersionDate "2025.05.14"]
[SourceQuality "1"]

1. e4 e6 2. d4 d5 3. exd5 exd5 4. Bd3 Nc6 5. c3 Bd6 6. Nf3 Nge7 7. O-O Bg4 8. Re1 Qd7 9. Nbd2 O-O-O 10. b4 Rde8 11. Nb3 Ng6 12. Be3 f5 13. b5 Nd8 14. h3 f4 15. hxg4 fxe3 16. Bf5 exf2+ 17. Kxf2 Ne6 18. Nc5 Bxc5 19. dxc5 Ngf4 20. Qa4 a6 21. c6 Qd6 22. bxa6 bxa6 23. Qxa6+ Kd8 24. Nd4 Nh3+ 25. gxh3 Qh2+ 26. Kf1 Qxh3+ 27. Kf2 Qh2+ 28. Kf1 Qh3+ 1/2-1/2

[Event "Campeonato Individual Absoluto de Madrid"]
[Site "Madrid ESP"]
[Date "2025.05.06"]
[Round "2.4"]
[White "Horcajuelo Rocamora, Martin"]
[Black "Roquero Redondo, Miguel"]
[Result "1-0"]
[WhiteElo "2367"]
[BlackElo "2063"]
[PlyCount "77"]
[GameId "2174653666681199"]
[EventDate "2025.05.05"]
[EventType "swiss"]
[EventRounds "7"]
[SourceTitle "Ajedrez en Madrid"]
[Source "lmi"]
[SourceDate "2025.05.05"]
[SourceVersion "1"]
[SourceVersionDate "2025.05.14"]
[SourceQuality "1"]

1. d4 d5 2. c4 e6 3. Nc3 Nf6 4. Bg5 dxc4 5. e3 c5 6. Bxf6 Qxf6 7. d5 g6 8. Bxc4 Bg7 9. Qa4+ Nd7 10. dxe6 fxe6 11. Nf3 O-O 12. Be2 Nb6 13. Qb3 Nd5 14. O-O Nxc3 15. bxc3 b6 16. Rac1 Bb7 17. Rfd1 g5 18. h3 h5 19. Rd6 Rae8 20. Qa4 Qf5 21. Bd3 Qf6 22. Be4 Bc8 23. Bb1 Bb7 24. Be4 Bc8 25. g4 hxg4 26. hxg4 Re7 27. Rc2 Bb7 28. Bxb7 Rxb7 29. Ne1 Qe5 30. Qc6 Re7 31. Nd3 Qf6 32. Qe4 Qh6 33. c4 Rf6 34. Rd8+ Bf8 35. Rc1 Qh3 36. Qg2 Qh7 37. Ne5 Rh6 38. Rcd1 Qc2 39. Qf3 1-0

[Event "Campeonato Individual Absoluto de Madrid"]
[Site "Madrid ESP"]
[Date "2025.05.06"]
[Round "2.5"]
[White "Alvarez Poves, Jesus"]
[Black "Rubio Mejia, Luis Ignacio"]
[Result "1/2-1/2"]
[WhiteElo "2071"]
[BlackElo "2355"]
[PlyCount "92"]
[GameId "2174655005766013"]
[EventDate "2025.05.05"]
[EventType "swiss"]
[EventRounds "7"]
[SourceTitle "Ajedrez en Madrid"]
[Source "lmi"]
[SourceDate "2025.05.05"]
[SourceVersion "1"]
[SourceVersionDate "2025.05.14"]
[SourceQuality "1"]

1. e4 c5 2. Nf3 d6 3. d4 cxd4 4. Nxd4 Nf6 5. Nc3 Nc6 6. Bg5 e6 7. Qd3 Qb6 8. O-O-O Qxd4 9. Qxd4 Nxd4 10. Rxd4 a6 11. Be2 Bd7 12. Rhd1 Bc6 13. f3 h6 14. Bh4 Rc8 15. a4 Be7 16. Bg3 e5 17. Rc4 O-O 18. Nd5 Bxd5 19. Rxc8 Rxc8 20. exd5 Rc5 21. c4 a5 22. Bf2 Rc8 23. b3 Nd7 24. Bd3 g6 25. Be1 Bd8 26. g4 Bg5+ 27. Kb2 b6 28. Bf2 Nc5 29. h4 Bf4 30. h5 Kg7 31. Kc3 Ra8 32. Bc2 Bg5 33. Ra1 Bf6 34. Be4 Bg5 35. Bc2 gxh5 36. gxh5 Kf8 37. Bf5 Ke7 38. Ra2 Bf6 39. Be4 Bg5 40. b4 axb4+ 41. Kxb4 Ra5 42. Be1 Kd8 43. Bc3 Kc7 44. Bc2 Bf4 45. Ra1 Be3 46. Re1 Bg5 1/2-1/2

[Event "Campeonato Individual Absoluto de Madrid"]
[Site "Madrid ESP"]
[Date "2025.05.06"]
[Round "2.6"]
[White "Martin Duque, Jesus"]
[Black "Nunez Munoz, Jesus"]
[Result "1-0"]
[WhiteElo "2344"]
[BlackElo "1996"]
[PlyCount "107"]
[GameId "2174657538732437"]
[EventDate "2025.05.05"]
[EventType "swiss"]
[EventRounds "7"]
[SourceTitle "Ajedrez en Madrid"]
[Source "lmi"]
[SourceDate "2025.05.05"]
[SourceVersion "1"]
[SourceVersionDate "2025.05.14"]
[SourceQuality "1"]

1. d4 Nf6 2. Nf3 e6 3. e3 b6 4. Bd3 Bb7 5. O-O Be7 6. c4 O-O 7. Nc3 d5 8. cxd5 exd5 9. b3 c5 10. Bb2 Nc6 11. Ne2 Bd6 12. Ng3 g6 13. Ne5 Qe7 14. Nxc6 Bxc6 15. Rc1 Bb7 16. Qf3 Ne4 17. dxc5 bxc5 18. Bxe4 dxe4 19. Qe2 Rfd8 20. Qc4 Rac8 21. Qc3 f6 22. Qxf6 Qxf6 23. Bxf6 Rf8 24. Bh4 Bxg3 25. Bxg3 Ba6 26. Rfd1 c4 27. Be5 cxb3 28. axb3 Bd3 29. h4 Kf7 30. Bd6 Rfd8 31. Bc5 Rd7 32. b4 Ke6 33. Ra1 a6 34. Kh2 Rcd8 35. Kg3 Bb5 36. Bd4 Rc8 37. Rd2 Kf5 38. Raa2 Rc6 39. Ra5 Rd5 40. Kh3 Ke6 41. Kg3 Bd3 42. Bc5 h5 43. f3 Kf5 44. Rda2 Ke6 45. Bd4 exf3 46. gxf3 Bb5 47. Bc5 Rc7 48. e4 Rd3 49. Rxa6+ Bxa6 50. Rxa6+ Kf7 51. e5 Rd5 52. e6+ Kf6 53. e7+ Kf7 54. Rf6+ 1-0

[Event "Campeonato Individual Absoluto de Madrid"]
[Site "Madrid ESP"]
[Date "2025.05.06"]
[Round "2.7"]
[White "Perez Diez, Victor"]
[Black "Rottenwohrer Suarez, Juan"]
[Result "0-1"]
[WhiteElo "2041"]
[BlackElo "2340"]
[PlyCount "42"]
[GameId "2174587419385956"]
[EventDate "2025.05.05"]
[EventType "swiss"]
[EventRounds "7"]
[SourceTitle "Ajedrez en Madrid"]
[Source "lmi"]
[SourceDate "2025.05.05"]
[SourceVersion "1"]
[SourceVersionDate "2025.05.14"]
[SourceQuality "1"]

1. e4 c5 2. Nc3 Nc6 3. g3 g6 4. Bg2 Bg7 5. d3 d6 6. Be3 Rb8 7. Nge2 b5 8. d4 b4 9. Nd5 e6 10. Ndf4 cxd4 11. e5 dxe5 12. Bxc6+ Bd7 13. Nxd4 exd4 14. Bxd4 e5 15. Bxe5 Bxe5 16. Bxd7+ Qxd7 17. Qe2 Kf8 18. Rd1 Qe8 19. Nd5 Bxb2 20. Ne3 Bc3+ 21. Kf1 Nf6 0-1

[Event "Campeonato Individual Absoluto de Madrid"]
[Site "Madrid ESP"]
[Date "2025.05.06"]
[Round "2.8"]
[White "Bocancea, Cristian Andrei"]
[Black "De La Puerta Cresis, Javier"]
[Result "1/2-1/2"]
[WhiteElo "1995"]
[BlackElo "2242"]
[PlyCount "104"]
[GameId "2174665221882283"]
[EventDate "2025.05.05"]
[EventType "swiss"]
[EventRounds "7"]
[SourceTitle "Ajedrez en Madrid"]
[Source "lmi"]
[SourceDate "2025.05.05"]
[SourceVersion "1"]
[SourceVersionDate "2025.05.14"]
[SourceQuality "1"]

1. d4 Nf6 2. c4 e6 3. Nc3 Bb4 4. e3 O-O 5. Bd3 d5 6. cxd5 exd5 7. Nge2 Re8 8. O-O Bd6 9. Nf4 c6 10. Qc2 Na6 11. a3 Nc7 12. Rd1 Ne6 13. Nxe6 Bxe6 14. h3 Bc7 15. Bd2 Qd6 16. f4 g5 17. Rac1 a6 18. Na4 gxf4 19. exf4 Ne4 20. Bxe4 dxe4 21. Be3 Rad8 22. Nc5 Bc8 23. Qf2 Qg6 24. Kh1 Rd5 25. Rc3 Rh5 26. Bc1 Kh8 27. b4 b6 28. Nb3 e3 29. Rxe3 Rxe3 30. Qxe3 Be6 31. d5 Bxd5 32. Qe8+ Kg7 33. Bb2+ f6 34. Qd7+ Kh6 35. Rxd5 Rxd5 36. Qxc7 Qb1+ 37. Bc1 Rd1+ 38. Kh2 Qxb3 39. f5+ Rxc1 40. Qf4+ Kg7 41. Qxc1 Qd5 42. Kh1 c5 43. Qf4 Qd1+ 44. Kh2 Qd7 45. Qg4+ Kf8 46. Qf4 cxb4 47. Qxb4+ Qe7 48. Qxb6 Qe5+ 49. Kh1 Qa1+ 50. Kh2 Qe5+ 51. Kg1 Qe1+ 52. Kh2 Qe5+ 1/2-1/2

[Event "Campeonato Individual Absoluto de Madrid"]
[Site "Madrid ESP"]
[Date "2025.05.06"]
[Round "2.9"]
[White "Vioque Gonzalez, Nicolas"]
[Black "Lozano Argueso, Cesar"]
[Result "1/2-1/2"]
[WhiteElo "2208"]
[BlackElo "1995"]
[PlyCount "80"]
[GameId "2174599678161010"]
[EventDate "2025.05.05"]
[EventType "swiss"]
[EventRounds "7"]
[SourceTitle "Ajedrez en Madrid"]
[Source "lmi"]
[SourceDate "2025.05.05"]
[SourceVersion "1"]
[SourceVersionDate "2025.05.14"]
[SourceQuality "1"]

1. d4 Nf6 2. Nc3 d5 3. Bg5 Nbd7 4. Nf3 h6 5. Bh4 e6 6. e4 g5 7. Bg3 Nxe4 8. Nxe4 dxe4 9. Ne5 h5 10. h4 Nxe5 11. dxe5 Bd7 12. Qd4 g4 13. a4 Bc6 14. Qxd8+ Rxd8 15. Bb5 Bxb5 16. axb5 Bc5 17. Ke2 O-O 18. Bf4 Rd5 19. Ra4 e3 20. fxe3 Rfd8 21. e4 Rd4 22. Rha1 Rxa4 23. Rxa4 Rd4 24. Rxd4 Bxd4 25. c3 Bb6 26. Bg5 Kf8 27. Kd3 Ke8 28. b3 Bf2 29. Kc4 Bg3 30. Bf6 Kd7 31. b4 b6 32. Kb3 c6 33. Ka4 Kc7 34. c4 Kb7 35. Kb3 cxb5 36. cxb5 Kc7 37. Kc4 Kd7 38. Kd4 Bf2+ 39. Kd3 Bg3 40. Ke3 Kc7 1/2-1/2

[Event "Campeonato Individual Absoluto de Madrid"]
[Site "Madrid ESP"]
[Date "2025.05.06"]
[Round "2.10"]
[White "Blazquez Sanz, Oscar"]
[Black "Rodriguez Avila, Alvaro"]
[Result "0-1"]
[WhiteElo "1993"]
[BlackElo "2204"]
[PlyCount "112"]
[GameId "2174666549612985"]
[EventDate "2025.05.05"]
[EventType "swiss"]
[EventRounds "7"]
[SourceTitle "Ajedrez en Madrid"]
[Source "lmi"]
[SourceDate "2025.05.05"]
[SourceVersion "1"]
[SourceVersionDate "2025.05.14"]
[SourceQuality "1"]

1. e4 c5 2. Nf3 d6 3. d4 cxd4 4. Nxd4 Nf6 5. Nc3 Nc6 6. Bc4 e6 7. Be3 Bd7 8. Qe2 a6 9. Bb3 Qc7 10. f4 Be7 11. Nxc6 bxc6 12. O-O-O a5 13. g4 a4 14. Nxa4 Rxa4 15. Bxa4 Nxe4 16. Bb6 Qxb6 17. Qxe4 O-O 18. Bb3 d5 19. Qe2 Bc8 20. c4 Ba6 21. Rd2 Rb8 22. Kb1 Qb4 23. Rc2 Ra8 24. Rhc1 d4 25. Qd3 c5 26. Rf2 Rb8 27. h4 Bb7 28. Rh2 Bc6 29. Rf1 Qb7 30. Re1 Bd8 31. Kc1 Ba5 32. Ree2 Bf3 33. Ref2 Bxg4 34. Bd1 Bf5 35. Qf3 Qb4 36. Qb3 Qxb3 37. Bxb3 Rd8 38. Rfg2 d3 39. Kd1 h5 40. Kc1 Rd4 41. a3 Re4 42. Kb1 Rxf4 43. Ka2 e5 44. Bd1 e4 45. Bxh5 e3 46. Rg1 Be6 47. Kb3 Bxc4+ 48. Ka4 Bd2 49. b4 cxb4 50. axb4 e2 51. Rhh1 Bd5 52. Rh3 e1=Q 53. Rxe1 Bxe1 54. Rxd3 Be6 55. Rd8+ Kh7 56. Rb8 Bxh4 0-1

[Event "Campeonato Individual Absoluto de Madrid"]
[Site "Madrid ESP"]
[Date "2025.05.06"]
[Round "2.11"]
[White "Torres Rebolledo, Alvaro"]
[Black "Quiroga Andres, Carlos"]
[Result "1-0"]
[WhiteElo "2336"]
[BlackElo "1779"]
[PlyCount "57"]
[GameId "2174601804001408"]
[EventDate "2025.05.05"]
[EventType "swiss"]
[EventRounds "7"]
[SourceTitle "Ajedrez en Madrid"]
[Source "lmi"]
[SourceDate "2025.05.05"]
[SourceVersion "1"]
[SourceVersionDate "2025.05.14"]
[SourceQuality "1"]

1. e4 e5 2. Nf3 d6 3. Bc4 Nf6 4. Nc3 Be7 5. d4 Nbd7 6. O-O O-O 7. a4 c6 8. Ba2 Qc7 9. h3 exd4 10. Nxd4 Nc5 11. Re1 Re8 12. Qf3 Bd7 13. Bf4 Bf8 14. Rad1 Ne6 15. Be3 Rad8 16. Nf5 Nc5 17. Bxc5 dxc5 18. Nh6+ gxh6 19. Qxf6 Be6 20. Bxe6 Rxd1 21. Bxf7+ Qxf7 22. Qxf7+ Kxf7 23. Rxd1 Ke6 24. f4 Bg7 25. e5 Re7 26. Kf2 Kf5 27. Kf3 h5 28. Rd6 h4 29. Nd1 1-0

[Event "Campeonato Individual Absoluto de Madrid"]
[Site "Madrid ESP"]
[Date "2025.05.06"]
[Round "2.12"]
[White "Arce Balluerca, Oscar"]
[Black "Martinez Fernandez, Raul"]
[Result "0-1"]
[WhiteElo "1814"]
[BlackElo "2158"]
[PlyCount "56"]
[GameId "2174609251127608"]
[EventDate "2025.05.05"]
[EventType "swiss"]
[EventRounds "7"]
[SourceTitle "Ajedrez en Madrid"]
[Source "lmi"]
[SourceDate "2025.05.05"]
[SourceVersion "1"]
[SourceVersionDate "2025.05.14"]
[SourceQuality "1"]

1. e4 e5 2. Bc4 Nf6 3. d3 Nc6 4. Nf3 Bc5 5. h3 d6 6. c3 a6 7. O-O Ba7 8. a4 h6 9. Be3 Bxe3 10. fxe3 d5 11. exd5 Nxd5 12. Qe2 Be6 13. Nbd2 Qe7 14. Ne4 f5 15. Ng3 O-O-O 16. d4 g6 17. dxe5 Kb8 18. Nd4 Nxe5 19. Nxe6 Qxe6 20. Bxd5 Qxd5 21. e4 fxe4 22. Nxe4 Nd3 23. Nf6 Qd6 24. Ng4 Rhe8 25. Qf3 g5 26. h4 Nf4 27. Rfe1 Rf8 28. Kf1 Nd5 0-1

[Event "Campeonato Individual Absoluto de Madrid"]
[Site "Madrid ESP"]
[Date "2025.05.06"]
[Round "2.13"]
[White "Galarreta Santana, Javier"]
[Black "Palomo Monserrat, Lorenzo"]
[Result "0-1"]
[WhiteElo "1927"]
[BlackElo "1993"]
[PlyCount "82"]
[GameId "2174668907499987"]
[EventDate "2025.05.05"]
[EventType "swiss"]
[EventRounds "7"]
[SourceTitle "Ajedrez en Madrid"]
[Source "lmi"]
[SourceDate "2025.05.05"]
[SourceVersion "1"]
[SourceVersionDate "2025.05.14"]
[SourceQuality "1"]

1. d4 d5 2. c4 dxc4 3. Nf3 Nf6 4. e3 e6 5. Bxc4 c5 6. Qe2 a6 7. O-O Nbd7 8. Rd1 b5 9. Bb3 Bb7 10. a4 Be7 11. dxc5 Bxc5 12. Ne5 Qb6 13. Nxd7 Nxd7 14. axb5 axb5 15. Rxa8+ Bxa8 16. Nc3 Bc6 17. e4 O-O 18. Bf4 Ra8 19. Bg3 b4 20. Nb1 Bd4 21. Nd2 Nc5 22. Bc2 Bxb2 23. Nc4 Qa6 24. Qd2 Bc3 25. Qd6 Nb7 26. Qd3 Bb5 27. e5 g6 28. Qe3 Bxc4 29. Bh4 Qa7 30. Qf4 Bd5 31. Bf6 Qc5 32. h4 Ra2 33. Bb1 Re2 34. h5 Be1 35. hxg6 fxg6 36. Rc1 Qxf2+ 37. Qxf2 Bxf2+ 38. Kf1 Rb2 39. Rc8+ Kf7 40. Rc7+ Ke8 41. Bd3 Bxg2+ 0-1

[Event "Campeonato Individual Absoluto de Madrid"]
[Site "Madrid ESP"]
[Date "2025.05.06"]
[Round "2.14"]
[White "Lopez de Turiso Sanchez, Jose An"]
[Black "Martin Martin, Luis Vicente"]
[Result "1/2-1/2"]
[WhiteElo "1989"]
[BlackElo "1958"]
[PlyCount "39"]
[GameId "2174586813243478"]
[EventDate "2025.05.05"]
[EventType "swiss"]
[EventRounds "7"]
[SourceTitle "Ajedrez en Madrid"]
[Source "lmi"]
[SourceDate "2025.05.05"]
[SourceVersion "1"]
[SourceVersionDate "2025.05.14"]
[SourceQuality "1"]

1. e4 c6 2. Nc3 d5 3. Qf3 d4 4. Bc4 e6 5. Nce2 c5 6. d3 Nc6 7. Qg3 b5 8. Bb3 Na5 9. Bf4 Nxb3 10. axb3 f6 11. Nf3 Ne7 12. Bc7 Qd7 13. Qd6 Nc6 14. Qxd7+ Kxd7 15. Bf4 Be7 16. h4 Bb7 17. Ng3 Rhc8 18. Ke2 a5 19. Rhc1 Ra7 20. Ke1 1/2-1/2

[Event "Campeonato Individual Absoluto de Madrid"]
[Site "Madrid ESP"]
[Date "2025.05.06"]
[Round "2.15"]
[White "Escriva De Romani, Querejeta Bel"]
[Black "De Vicente Guijarro, Juan"]
[Result "0-1"]
[WhiteElo "1979"]
[BlackElo "1930"]
[PlyCount "26"]
[GameId "2174573110386730"]
[EventDate "2025.05.05"]
[EventType "swiss"]
[EventRounds "7"]
[SourceTitle "Ajedrez en Madrid"]
[Source "lmi"]
[SourceDate "2025.05.05"]
[SourceVersion "1"]
[SourceVersionDate "2025.05.14"]
[SourceQuality "1"]

1. e4 e5 2. f4 exf4 3. Nf3 g5 4. Nc3 Nc6 5. d4 g4 6. d5 gxf3 7. dxc6 Qh4+ 8. Kd2 Qf2+ 9. Kd3 bxc6 10. e5 fxg2 11. Bxg2 Ba6+ 12. Ke4 Qxg2+ 13. Kf5 Ne7+ 0-1

[Event "Campeonato Individual Absoluto de Madrid"]
[Site "Madrid ESP"]
[Date "2025.05.06"]
[Round "2.16"]
[White "Alvarez Abejon, Amilcar"]
[Black "Cardena Contreras, Javier"]
[Result "1-0"]
[WhiteElo "1968"]
[BlackElo "1916"]
[PlyCount "55"]
[GameId "2174610466128202"]
[EventDate "2025.05.05"]
[EventType "swiss"]
[EventRounds "7"]
[SourceTitle "Ajedrez en Madrid"]
[Source "lmi"]
[SourceDate "2025.05.05"]
[SourceVersion "1"]
[SourceVersionDate "2025.05.14"]
[SourceQuality "1"]

1. c4 e6 2. Nc3 d5 3. d4 c5 4. cxd5 exd5 5. Nf3 Nc6 6. dxc5 d4 7. Na4 Bxc5 8. Nxc5 Qa5+ 9. Bd2 Qxc5 10. Rc1 Qb6 11. e3 Qxb2 12. Nxd4 Nxd4 13. Bc3 Qxa2 14. Bxd4 Nf6 15. Bb5+ Bd7 16. Bxd7+ Nxd7 17. O-O f6 18. Rc7 Qe6 19. Qa4 Rd8 20. Bc5 Qe5 21. Rxd7 Rxd7 22. Rd1 Qe6 23. Rd6 Qf7 24. Bxa7 Qe7 25. Bc5 Qd8 26. h4 g6 27. Qe4+ Qe7 28. Re6 1-0